[Event "Challenge"]
[Site "http://www.queenalice.com/game.php?id=809556"]
[Date "2010.7.27"]
[Round "-"]
[White "andreunespararaquara"]
[Black "Sonia"]
[Result "0-1"]
[WhiteElo "1303"]
[BlackElo "1541"]

1. e4 e5 2. Bc4 Nf6 3. Nc3 Bc5 4. d3 O-O 5. Qf3 a6 6. Nh3 Nc6 7. a3 Nd4 8. Qd1
d6 9. Qd2 h6 10. O-O Bxh3 11. gxh3 Nf3+ 12. Kh1 Nxd2 13. Bxd2 c6 14. Rg1 Bxf2
15. Rg2 Bh4 16. Be3 Nh5 0-1

[Event "AUTO-OPEN-2054"]
[Site "http://www.queenalice.com/game.php?id=809592"]
[Date "2010.7.28"]
[Round "1"]
[White "hmshmshms"]
[Black "andreunespararaquara"]
[Result "1-0"]
[WhiteElo "1626"]
[BlackElo "1500"]

1. Nf3 Nc6 2. e4 e5 3. Bb5 a6 4. Bxc6 bxc6 5. Nxe5 d6 6. Nxc6 Qd7 7. Nd4 c5 8.
Nb3 Nf6 9. d3 Qg4 10. O-O Bb7 11. Na5 Bc8 12. c4 Nh5 13. Qa4+ Bd7 14. Nc6 Nf4
15. Bxf4 Qxf4 16. Nc3 d5 17. Nxd5 Bd6 18. Nxf4 Bxf4 19. Rad1 Rc8 20. Qxa6 O-O
21. Ne7+ Kh8 22. Nxc8 Bxc8 23. Qa5 Re8 24. Qxc5 h6 25. a4 g5 26. a5 Re5 27.
Qxc8+ Kg7 28. a6 Re7 29. Ra1 1-0

[Event "AUTO-OPEN-2054"]
[Site "http://www.queenalice.com/game.php?id=809593"]
[Date "2010.7.28"]
[Round "1"]
[White "andreunespararaquara"]
[Black "hmshmshms"]
[Result "0-1"]
[WhiteElo "1316"]
[BlackElo "1536"]

1. e4 Nf6 2. Nc3 a6 3. d3 e5 4. Nf3 Bb4 5. a3 Bxc3+ 6. bxc3 d6 7. c4 Bg4 8. h3
Bxf3 9. gxf3 Nc6 10. Rb1 O-O 11. h4 Nd4 12. c3 Nc6 13. a4 b6 14. Qd2 a5 15. Bh3
h6 16. Ba3 Qe7 17. Qe3 Nd8 18. Rb5 Rb8 19. f4 Nb7 20. fxe5 dxe5 21. Bxe7 Rfe8
22. Rxe5 Nh7 23. Qf4 f6 24. Be6+ Kh8 25. Bf7 Nc5 26. Qg3 fxe5 27. Qxe5 Nxd3+ 28.
Ke2 Nxe5 29. Be6 Rxe7 30. Bf5 Nxc4 31. Rg1 Nd6 32. Bg4 Rxe4+ 33. Kf3 Rf8+ 34.
Kg3 Nf5+ 35. Bxf5 Rxf5 0-1

[Event "AUTO-OPEN-2054"]
[Site "http://www.queenalice.com/game.php?id=809622"]
[Date "2010.7.28"]
[Round "1"]
[White "andreunespararaquara"]
[Black "HILITO"]
[Result "0-1"]
[WhiteElo "1309"]
[BlackElo "2057"]

1. e4 c6 2. Nf3 d5 3. e5 Bf5 4. Nc3 e6 5. b3 Nd7 6. d3 Bb4 7. Qd2 Ne7 8. a3 Ba5
9. b4 Bb6 10. Qg5 O-O 11. g4 Bg6 12. d4 Bxc2 13. Bf4 Be4 14. Bg2 Bxf3 15. Bxf3
Bxd4 16. Rc1 h6 17. Qh4 Nxe5 18. Bxe5 Bxe5 19. Rg1 Ng6 0-1

[Event "AUTO-OPEN-2054"]
[Site "http://www.queenalice.com/game.php?id=809623"]
[Date "2010.7.28"]
[Round "1"]
[White "HILITO"]
[Black "andreunespararaquara"]
[Result "1-0"]
[WhiteElo "2023"]
[BlackElo "1528"]

1. e4 e5 2. Nf3 Nc6 3. Bb5 a6 4. Ba4 b5 5. Bb3 f6 6. d4 exd4 7. Nxd4 Bc5 8. Nxc6
dxc6 9. O-O Qd4 10. c3 Qxe4 11. Re1 Be3 12. Rxe3 Qxe3 13. Bxe3 Nh6 14. Bxh6 gxh6
15. Na3 Bf5 16. Qh5+ Bg6 17. Re1+ Kf8 18. Qxh6# 1-0

[Event "AUTO-OPEN-2054"]
[Site "http://www.queenalice.com/game.php?id=809624"]
[Date "2010.7.28"]
[Round "1"]
[White "andreunespararaquara"]
[Black "Pagano"]
[Result "0-1"]
[WhiteElo "1427"]
[BlackElo "2078"]

1. e4 a6 2. Nf3 b5 3. d4 Bb7 4. e5 e6 5. Bf4 c5 6. dxc5 Bxc5 7. Nc3 Qb6 8. a3
Bxf2+ 9. Ke2 Ne7 10. Qd4 Bxf3+ 0-1

[Event "AUTO-OPEN-2054"]
[Site "http://www.queenalice.com/game.php?id=809625"]
[Date "2010.7.28"]
[Round "1"]
[White "Pagano"]
[Black "andreunespararaquara"]
[Result "1-0"]
[WhiteElo "2080"]
[BlackElo "1427"]

1. f4 d5 2. Nf3 Nc6 3. b3 Bf5 4. e3 e6 5. Bb5 a6 6. Bxc6+ bxc6 7. O-O Nf6 8. Nd4
Ng4 9. h3 c5 10. Nxf5 exf5 11. hxg4 Qf6 12. Nc3 1-0

[Event "AUTO-INT-1771"]
[Site "http://www.queenalice.com/game.php?id=809791"]
[Date "2010.7.28"]
[Round "1"]
[White "geniolucio"]
[Black "andreunespararaquara"]
[Result "1-0"]
[WhiteElo "1727"]
[BlackElo "1410"]

1. e4 e5 2. Nf3 Nc6 3. Bb5 a6 4. Ba4 Bc5 5. O-O b5 6. Bb3 Nf6 7. d3 Ng4 8. h3
Nf6 9. Bg5 h6 10. Bh4 g5 11. Bg3 d6 12. c3 Be6 13. Bc2 Na5 14. b4 Nc6 15. bxc5
dxc5 16. Nxe5 Qd6 17. Nxf7 Bxf7 18. Bxd6 cxd6 19. Nd2 O-O 20. Nf3 Rae8 21. d4
cxd4 22. cxd4 Nb4 23. Re1 a5 24. a3 Nxc2 25. Qxc2 g4 26. hxg4 Rc8 27. Qd3 Nxg4
28. Qxb5 Rc2 29. Rf1 Bc4 30. Qh5 Rf4 31. Qg6+ Kh8 32. e5 dxe5 33. Qxc2 Bxf1 34.
Rxf1 e4 35. Qc8+ Kh7 36. Qc7+ Kg6 37. Qxf4 Kg7 38. Qxg4+ 1-0

[Event "AUTO-INT-1771"]
[Site "http://www.queenalice.com/game.php?id=809792"]
[Date "2010.7.28"]
[Round "1"]
[White "andreunespararaquara"]
[Black "geniolucio"]
[Result "0-1"]
[WhiteElo "1363"]
[BlackElo "1792"]

1. e4 c5 2. Nf3 a6 3. Nc3 e6 4. e5 Nc6 5. Bc4 Nge7 6. d3 g6 7. b3 Bg7 8. Bf4 b5
9. Bxe6 dxe6 10. Qd2 O-O 11. O-O Nf5 12. Ne4 Ncd4 13. c3 Nxf3+ 14. gxf3 g5 15.
Bxg5 Qb6 16. Nd6 Nxd6 17. exd6 Qxd6 18. Qe3 Bxc3 19. Rac1 Bd4 20. Qf4 Be5 21.
Qh4 f6 22. Bh6 Rf7 23. Qg4+ Kh8 24. Qh5 Qe7 25. f4 Bd4 26. b4 Bb7 27. bxc5 Rg8+
28. Bg5 fxg5 29. f5 Rxf5 30. h3 g4 31. Qh6 gxh3+ 0-1

[Event "AUTO-INT-1771"]
[Site "http://www.queenalice.com/game.php?id=809809"]
[Date "2010.7.28"]
[Round "1"]
[White "andreunespararaquara"]
[Black "rocha"]
[Result "0-1"]
[WhiteElo "1458"]
[BlackElo "1614"]

1. e4 e5 2. Nf3 f6 3. Bc4 Ne7 4. Nh4 d6 5. Nc3 c6 6. Qh5+ Kd7 7. d3 Kc7 8. Qf7
Bd7 9. Qh5 Be8 10. Qg4 h5 11. Qe2 b5 12. Be6 g6 13. Qe3 Bh6 14. f4 Bxf4 15. Qf2
g5 16. g3 gxh4 17. gxf4 Bd7 18. f5 Bxe6 0-1

[Event "AUTO-INT-1771"]
[Site "http://www.queenalice.com/game.php?id=809810"]
[Date "2010.7.28"]
[Round "1"]
[White "rocha"]
[Black "andreunespararaquara"]
[Result "1-0"]
[WhiteElo "1624"]
[BlackElo "1423"]

1. e4 e5 2. d4 Nc6 3. c3 f6 4. d5 Na5 5. Be3 d6 6. Bb5+ c6 7. Ba4 b5 8. Bb3 cxd5
9. Bxd5 Bb7 10. a4 bxa4 11. Qxa4+ Bc6 12. Bxc6+ Nxc6 13. Qxc6+ Qd7 14. Qxa8+ Qd8
15. Qxa7 Ne7 16. Qa4+ Kf7 17. Qb3+ 1-0

[Event "AUTO-INT-1771"]
[Site "http://www.queenalice.com/game.php?id=809811"]
[Date "2010.7.28"]
[Round "1"]
[White "andreunespararaquara"]
[Black "daniel0176"]
[Result "0-1"]
[WhiteElo "1528"]
[BlackElo "1510"]

1. e4 e5 2. Bc4 Nf6 3. Nc3 Bb4 4. a3 Bxc3 5. dxc3 Nxe4 6. Qf3 d5 7. Bb3 O-O 8.
c4 Nc6 9. cxd5 Ng5 10. Bxg5 Ne7 11. c4 c6 12. Rd1 cxd5 13. cxd5 Qa5+ 14. Bd2 Qb5
15. d6 Nc6 16. Qe4 Re8 17. Qf3 Nd4 18. Qxf7+ Kh8 19. Ba2 Be6 20. Qc7 Bxa2 21.
Rc1 Qxb2 22. Nf3 Nb5 23. Qxb7 Reb8 24. Qe7 Re8 25. Qd7 Be6 26. Qc6 Rec8 27. Qa6
Rxc1+ 28. Bxc1 Qxc1+ 29. Ke2 Nd4+ 30. Nxd4 Bc4+ 31. Qxc4 Qxc4+ 32. Kf3 Qxd4 33.
Ke2 Qe4+ 34. Kd1 Rd8 35. Re1 Rxd6+ 36. Kc1 Qxe1+ 37. Kb2 Qxf2+ 38. Kb3 Rb6+ 39.
Kc4 Qd4# 0-1

[Event "AUTO-INT-1771"]
[Site "http://www.queenalice.com/game.php?id=809812"]
[Date "2010.7.28"]
[Round "1"]
[White "daniel0176"]
[Black "andreunespararaquara"]
[Result "1-0"]
[WhiteElo "1496"]
[BlackElo "1464"]

1. e4 e5 2. Qh5 Nf6 3. Qxe5+ Be7 4. d4 d6 5. Qb5+ c6 6. Qb3 Nxe4 7. Bc4 d5 8.
Bd3 Na6 9. a3 Bd6 10. Nf3 f6 11. h3 O-O 12. O-O g5 13. Bxe4 f5 14. Bd3 g4 15.
hxg4 fxg4 16. Ng5 Bf5 17. Bxf5 h6 18. Ne6 Qf6 19. Nxf8 Qxf5 20. Bxh6 Rxf8 21.
Bxf8 Qxf8 22. Qxb7 Nc7 23. Qxc6 Qf4 24. g3 Qf6 25. b4 Qxd4 26. Nc3 Bxg3 27. Rae1
Qh8 28. fxg3 Qd4+ 29. Rf2 Qg7 30. Nxd5 Qh6 31. Qxh6 1-0

[Event "AUTO-OPEN-2055"]
[Site "http://www.queenalice.com/game.php?id=810053"]
[Date "2010.7.28"]
[Round "1"]
[White "andreunespararaquara"]
[Black "Vermelho"]
[Result "0-1"]
[WhiteElo "1427"]
[BlackElo "1608"]

1. e4 e5 2. Bc4 Nc6 3. Nf3 Nf6 4. d3 d5 5. exd5 Nxd5 6. Nc3 Nxc3 7. bxc3 Bg4 8.
h3 Bxf3 9. Qxf3 Bc5 10. O-O O-O 11. Re1 a6 12. Be3 Bxe3 13. Rxe3 b5 14. Bb3 Na5
15. Rxe5 Nxb3 0-1

[Event "AUTO-OPEN-2055"]
[Site "http://www.queenalice.com/game.php?id=810054"]
[Date "2010.7.28"]
[Round "1"]
[White "Vermelho"]
[Black "andreunespararaquara"]
[Result "1-0"]
[WhiteElo "1617"]
[BlackElo "1331"]

1. e4 e5 2. Nf3 Nc6 3. Bb5 a6 4. Bxc6 bxc6 5. Nxe5 d6 6. Nf3 Nf6 7. Nc3 d5 8.
exd5 cxd5 9. d4 Rb8 10. O-O Bf5 11. Ne5 Qd7 12. Nxd7 Rd8 13. Nxf6+ gxf6 14. Qe2+
Be7 15. Qxa6 Rd6 16. Qa8+ 1-0

[Event "AUTO-OPEN-2055"]
[Site "http://www.queenalice.com/game.php?id=810055"]
[Date "2010.7.28"]
[Round "1"]
[White "andreunespararaquara"]
[Black "minusel"]
[Result "0-1"]
[WhiteElo "1323"]
[BlackElo "2028"]

1. e4 c6 2. Nc3 d5 3. exd5 cxd5 4. Nf3 Nf6 5. Bb5+ Bd7 6. d3 Bxb5 7. a4 Bc6 8.
Bf4 e6 9. Ne5 Bb4 10. O-O Nbd7 11. d4 O-O 12. a5 a6 13. Qd3 Bxa5 14. Ra3 Rc8 0-1

[Event "AUTO-OPEN-2055"]
[Site "http://www.queenalice.com/game.php?id=810056"]
[Date "2010.7.28"]
[Round "1"]
[White "minusel"]
[Black "andreunespararaquara"]
[Result "1-0"]
[WhiteElo "2030"]
[BlackElo "1323"]

1. e4 e5 2. Nf3 Nc6 3. Bb5 a6 4. Ba4 b5 5. Bb3 Bc5 6. c3 Nf6 7. d3 Ng4 8. O-O d6
9. d4 exd4 10. cxd4 Bxd4 11. Nxd4 Qd7 12. Nxc6 Qxc6 13. Bd5 Qb6 14. Bxa8 Qa7 15.
Bc6+ 1-0

[Event "AUTO-INT-1772"]
[Site "http://www.queenalice.com/game.php?id=810316"]
[Date "2010.7.29"]
[Round "1"]
[White "andreunespararaquara"]
[Black "rajneesh"]
[Result "0-1"]
[WhiteElo "1374"]
[BlackElo "1374"]

1. e4 c5 2. Nc3 Nc6 3. Nf3 Nf6 4. d3 e6 5. Bf4 Nh5 6. g3 Nxf4 7. gxf4 g6 8. b3
Bg7 9. Bh3 d6 10. a4 Bxc3+ 11. Nd2 Bxa1 12. Qxa1 Nd4 0-1

[Event "AUTO-INT-1772"]
[Site "http://www.queenalice.com/game.php?id=810317"]
[Date "2010.7.29"]
[Round "1"]
[White "rajneesh"]
[Black "andreunespararaquara"]
[Result "1-0"]
[WhiteElo "1391"]
[BlackElo "1351"]

1. e4 e5 2. Nf3 Nc6 3. Bc4 Nf6 4. O-O Nxe4 5. Re1 d5 6. Bb5 a6 7. Ba4 b5 8. Bb3
Bc5 9. Kf1 Bf5 10. Bxd5 Nxf2 11. Qe2 Qxd5 12. Nxe5 Ne4 13. Nxc6 1-0